The rothschilds : A family portait

Saved in:
Bibliographic Details
Main Author: Morton, Frederic
Format: Book
Language:Undetermined
Published: New York Fawcett 1961
Subjects:
Tags: Add Tag
No Tags, Be the first to tag this record!
Institutions: Trung tâm Học liệu Trường Đại học Cần Thơ
LEADER 00486nam a2200193Ia 4500
001 CTU_86982
008 210402s9999 xx 000 0 und d
082 |a 332.092 
082 |b M889 
100 |a Morton, Frederic 
245 4 |a The rothschilds : 
245 2 |b A family portait 
245 0 |c Frederic Morton 
260 |a New York 
260 |b Fawcett 
260 |c 1961 
650 |a Rothschild family 
904 |i Truc 
980 |a Trung tâm Học liệu Trường Đại học Cần Thơ